01164pab a2200181 454500008004000000100002100040245005900061260000900120300001500129362000800144520062300152650003200775650001600807773002800823909001000851999001700861952010400878180718b2006 xxu||||| |||| 00| 0 eng d aFacer, Rex L. II aAnnexation activity and state law in the United States c2006 ap.697-709. aMay aThis article explores the impact of 15 separate provisions of state annexation laws on seven different measures of annexation activity. This analysis uses annexation data from 42 states between 1990 and 1998. The analysis finds that there are different patterns of annexation activity for laws designed to constrain annexiation, as compared with laws designed to facilitate annexation. Laws designed to facilitate annexation are likely to be associated with high levels of annexation activity. On the other hand, laws designed to constrain annexation are not very likely to have lower levels of activity. - Reproduced. aLegislation - United States aLegislation aUrban Affairs Quarterly a70051 c70051d70051 00104070aIIPAbIIPAd2018-07-19hVolume no: 41, Issue no: 3pAR70507r2018-07-19w2018-07-19yAR